Responses for show #4588 - Wednesday, July 14, 2004

Ken Jennings game 31.

Contestants

[<< previous game]

Darcy Smith, a copywriter from New York, New York

Greg Narver, a lawyer from Seattle, Washington

Ken Jennings, a software engineer from Salt Lake City, Utah (whose 30-day cash winnings total $1,004,960)

[next game >>]

Jeopardy! Round responses

GOING NATIONAL
TELEVISION MILESTONES
CAT ANATOMY
THE UNIVERSITY OF...
WEAPONS OF MASS DISTRACTION
4-LETTER STOCK MARKET WORDS
    $200 11
Swiss

Darcy
    $200 1
Bewitched

Darcy
    $200 26
(Ken: What's kitty's blood pressure?)

the pulse (the heart rate)

KenGreg
    $200 6
the University of Florida

Darcy
    $200 16
CB radios

Ken
    $200 21
a chip

Ken
    $400 12
French

Ken
    $400 2
London

Ken
    $400 27
sweat glands

Darcy
    $400 7
the University of Pennsylvania

Ken
    $400 17
toga parties

Ken
    $400 22
the bear

Ken
    $600 13
English

Ken
    $600 3
(Ken: Who is Xavier Cugat?)

Desi Arnaz

KenGreg
    $600 28
vocal cords

Triple Stumper
    $600 8
the University of Rome

Triple Stumper
    $600 18
pillbox

Ken
    $600 23
the tape

Ken
    $800 14
Swedish

Greg
    $800 4
Robin Hood

Darcy
    $800 29
retractability

Darcy
    $1,200 9
(Ken: What is University of Ohio?)
(Alex: No. [*].)
(Ken: Oh.)
(Alex: [*].)
(Ken: Oh, palmetto!)
(Alex: Yes, that's right, Palmetto State. You're down to nothing.)

South Carolina

Ken
    $800 19
mopeds

Ken
    $800 24
a call

Ken
    $1000 15
German

Ken
    $1000 5
Rich Man, Poor Man

Ken
    $1000 30
(Ken: Eh. What are cones?)

rods

KenDarcy
    $1000 10
(Darcy: What's the University of Maine?)

the University of Maryland

GregDarcy
    $1000 20
(Greg: What is hacky sack?)
(Alex: No. Ken or Darcy? It's called [*]. It's obviously a very popular sport.)

footbag

Greg
Triple Stumper
    $1000 25
(Alex: We have a minute to go.)

long

Triple Stumper

Scores at the first commercial break (after clue 15):

Ken Greg Darcy
$2,000 $2,400 $400

Scores at the end of the Jeopardy! Round:

Ken Greg Darcy
$4,800 $1,600 $2,600

Double Jeopardy! Round responses

WORLD WAR II
CELEBRITY ANAGRAMS
LITERATURE IN THE JAZZ AGE
AWARDS
NATIONAL PARKS
"CAN" WE TALK?
    $400 21
(Darcy: What's Germany?)
(Ken: What's the U.S.?)
(Greg: What's Great Britain?)
...
(Alex: Correct response: What is [*]? Remember, they allied with Germany.)

Russia

KenGregDarcy
Triple Stumper
    $400 11
Lynda & Dylan

Ken
    $400 5
Elmer Gantry

Ken
    $400 1
a Congressional Medal of Honor

Ken
    $400 26
the (Great) Smoky Mountains

Greg
    $400 16
canola

Ken
    $800 22
Tokyo

Greg
    $800 12
Diana & Aidan

Ken
    $800 7
All Quiet on the Western Front

Ken
    $800 2
Truck

Ken
    $800 27
Teddy Roosevelt

Ken
    $800 17
the cantor

Darcy
    $1200 23
Norway

Ken
    $1200 13
Ryder & Dryer

Ken
    $1200 8
Zane Grey

Ken
    $1200 3
the American Music Awards

Ken
    $1200 28
the U.S. Virgin Islands

Ken
    $1200 18
canasta

Ken
    $4,200 24
(Alex: You have almost twice as much money as Darcy.)
(Ken: Once bitten, twice shy.)
(Alex: Different category.)
(Ken: I'll go $4,200, anyway.)
...
(Alex: Say something.)
(Ken: What are quinine? What is quinine?)

sulfa (drugs)

Ken
    $1600 14
[Ken gives the full names of the two women.]

(Meryl) Streep & (Bernadette) Peters

Ken
    $1600 9
So Big

Ken
    $1600 4
the National Book Award

Darcy
    $1600 29
Big Bend

Ken
    $1600 19
Cantata

Darcy
    $2000 25
the SS

Greg
    $5,800 15
(Ken: I really like this anagram type thing.)
(Alex: Seems obvious that you like it. Haven't missed yet. Let's see what happens on this one.)
...
(Ken: Who are Ebert and, uh, Breet?)
(Alex: [Laughs] No. Who are [*]. "Hear No Evil". You drop down.)

(Leonard) Maltin & (Marlee) Matlin

Ken
    $2000 10
The Bridge of San Luis Rey

Ken
    $2000 6
Aviation

Ken
    $2000 30
Petrified Forest

Ken
    $2000 20
candles

Darcy

Scores at the end of the Double Jeopardy! Round:

Ken Greg Darcy
$17,200 $4,400 $8,200
(lock game)

[wagering suggestions for these scores]

Final Jeopardy! Round responses

HISTORIC AMERICANS
GregWhat is the Constitution of the Confederate States of America?
$4,000
DarcyWhat is the Emancipation Proclamation?
$601
KenWhat is the Confederate Constitution?
$300
the Confederate Constitution

Final scores:

Ken Greg Darcy
$17,500 $8,400 $7,599
31-day champion: $1,022,460 2nd place: $2,000 3rd place: $1,000

Game dynamics:

Coryat scores:

Ken Greg Darcy
$28,400 $4,400 $8,200
34 R,
7 W
(including 3 DDs)
7 R,
2 W
11 R,
2 W

Combined Coryat: $41,000

The J! Archive is created by fans, for fans. The Jeopardy! game show and all elements thereof, including but not limited to copyright and trademark thereto, are the property of Jeopardy Productions, Inc. and are protected under law. This website is not affiliated with, sponsored by, or operated by Jeopardy Productions, Inc. Join the discussion at JBoard.tv.